| 000 | 00406nam a2200169Ia 4500 | ||
|---|---|---|---|
| 008 | 170705s9999 xx 000 0 und d | ||
| 020 | _a9780399226168 | ||
| 245 | _aOfficer Buckle and Gloria / | ||
| 245 | _cPeggy Rathmann. | ||
| 260 | _aNew York : | ||
| 260 | _bG. P. Putnam's Sons, | ||
| 260 | _c1995 | ||
| 300 | _aunpaged : | ||
| 300 | _bcolor illustration ; | ||
| 300 | _c29cm. | ||
| 500 | _a510 | ||
| 999 |
_c336032 _d336032 |
||